00326nam a2200097Ia 4500008004100000040002900041050002700070100002900097245007100126260003100197230222s9999||||xx |||||||||||||| ||und|| cChuka University Library aTHE HB 172,5bM84 2016 aMugure,Margaret Nyaruiru 0aAnalysis of macroeconomic determinants of economic growth in Kenya aCUbChuka Universityc2016